00442cam a2200169ua 4500001000500000005001700005008003900022040000900061082001200070245004600082250000900128260004000137300001500177653002200192653002400214700003400238100420260515113247.0110426n ii |||gr||||Z||||||eng cMAIN a320.9541 aGovernment of Indiacby Madan Gopal Gupta a1st. aAllahabad:bCentral book depot,965. a278p.:0cm. aPolitical science aGovernment of India aGupta, Madan Gopal.,eAuthor.